00854nam a2200229 a 450000100060000000300090000600800410001502000150005604000280007108200190009910000380011824500670015626000310022330000110025459000630026565000320032865000320036065000340039294200120042699900170043895201690045519025CO-ViMGA141112s2004 ck r 000 u spa d a8428326711 aCO-ViMGAbspacCO-ViMGA04a150.1943 R336e1 aReep, Alan; Horner, Robert92726310aEducación : banalisis funcional de problemas de la conducta aMadrid : bParaninfo; 2000 a400 p. aForma de adquisición : Proyecto 2005 - - Precio : 62.10014aCONDUCTA - PSICOLOGIA9268414aEVALUACION FUNCIONAL92726414aTERAPIA DE LA CONDUCTA917183 2ddccBK c28212d28212 00102ddc40708002aMEVIECARbMEVIECARd2015-12-04hVolumen. 1 | 11/jun/2009l4m8o150.1943 R336e p19025r2019-02-26 00:00:00s2019-02-18tEj. 1w2015-12-04yBK